00439nam a2200121Ia 4500008004100000041001200041082001200053100005900065245006800124260006600192300001300258536004600271211220s9999 xx 000 0 eng d aEnglish aRP.0338 aPoornima, NithyauSampurna Montfort CollegevBangalore 0aMental health of mental health professionals /cNithya Poornima aNew Delhi :bIndian Council oF Social Science Research,c2015 ax, 189p. aIndian Council of Social Science Research